[Event "World Blitz 2025"]
[Site "Doha QAT"]
[Date "2025.12.30"]
[Round "16.49"]
[White "Jumabayev, Rinat"]
[Black "Dominguez Perez, Leinier"]
[Result "0-1"]
[WhiteTitle "GM"]
[BlackTitle "GM"]
[WhiteElo "2560"]
[BlackElo "2738"]
[WhiteFideId "13702661"]
[BlackFideId "3503240"]
[EventDate "2025.12.29"]

1. d4 d5 2. c4 dxc4 3. Nf3 Nf6 4. e3 e6 5. Bxc4 c5 6. O-O Be7 7. Qe2 cxd4 8. Rd1
a6 9. Nxd4 Qc7 10. e4 b5 11. Bb3 Nc6 12. Nxc6 Qxc6 13. e5 Bb7 14. f3 Nd7 15. Bf4
O-O 16. Nc3 Nc5 17. Rac1 Nxb3 18. axb3 Rfd8 19. Rxd8+ Rxd8 20. Ne4 Qb6+ 21. Be3
Qa5 22. Bc5 Bxc5+ 23. Nxc5 Bd5 24. Qe3 h6 25. h3 b4 26. Na4 Qb5 27. Nc5 Qb6 28.
Kf2 Rc8 29. Nd3 Qxe3+ 30. Kxe3 Rb8 31. Ra1 Bxb3 32. Rxa6 Bd5 33. Nc5 b3 34. Ra4
Rc8 35. Kd4 g5 36. Ra7 Kg7 37. Ra5 Kg6 38. Ra3 h5 39. Ra5 h4 40. Ra7 Rb8 41. Kc3
Rb5 42. Nd3 Rb8 43. Nc5 Rc8 44. Kd4 Rd8 45. Kc3 Rb8 46. Ra5 Kf5 47. Ra7 Rf8 48.
Kd4 Kf4 49. Nd7 Rd8 50. Kc5 Kg3 51. Nb6 Kxg2 52. Rxf7 Bxf3 53. Rg7 g4 54. hxg4
h3 55. g5 h2 56. Rh7 Be4 57. Rh4 h1=Q 58. Rxh1 Kxh1 0-1

[Event "World Blitz 2025"]
[Site "Doha QAT"]
[Date "2025.12.30"]
[Round "16.50"]
[White "Santos Latasa, Jaime"]
[Black "Bharath, Subramaniyam H"]
[Result "1-0"]
[WhiteTitle "GM"]
[BlackTitle "GM"]
[WhiteElo "2616"]
[BlackElo "2576"]
[WhiteFideId "2293307"]
[BlackFideId "46634827"]
[EventDate "2025.12.29"]

1. e4 c5 2. Nf3 Nc6 3. Nc3 e6 4. d4 cxd4 5. Nxd4 a6 6. Be3 Nf6 7. a3 Qc7 8. f4
d6 9. Qf3 Bd7 10. h3 Rc8 11. O-O-O b5 12. Nxc6 Bxc6 13. Bd3 Qb7 14. Bd4 b4 15.
axb4 Qxb4 16. Qe3 Nd7 17. Nd5 Qb7 18. Rhe1 Bb5 19. Bxb5 axb5 20. Bc3 Nc5 21. e5
exd5 22. exd6+ Kd7 23. Qe5 b4 24. Qf5+ Kc6 25. Bxb4 Nd7 26. Qxd5+ Kb6 27. Qa5+
Kc6 28. Re3 Qb6 29. Qd5# 1-0

[Event "World Blitz 2025"]
[Site "Doha QAT"]
[Date "2025.12.30"]
[Round "16.51"]
[White "Wojtaszek, Radoslaw"]
[Black "Madaminov, Mukhiddin"]
[Result "1/2-1/2"]
[WhiteTitle "GM"]
[BlackTitle "GM"]
[WhiteElo "2667"]
[BlackElo "2552"]
[WhiteFideId "1118358"]
[BlackFideId "14210703"]
[EventDate "2025.12.29"]

1. d4 d5 2. c4 e6 3. Nf3 Nf6 4. Nc3 Bb4 5. cxd5 exd5 6. Bg5 h6 7. Bxf6 Qxf6 8.
Qa4+ Nc6 9. e3 O-O 10. Be2 Rd8 11. O-O Bf8 12. a3 Ne7 13. b4 c6 14. Qb3 a6 15.
a4 Ng6 16. b5 a5 17. bxc6 bxc6 18. Rfc1 Bf5 19. Qd1 Rab8 20. Bd3 Rdc8 21. Bxf5
Qxf5 22. Qc2 Qd7 23. h3 Bd6 24. Rab1 Ne7 25. Rxb8 Rxb8 26. Rb1 Rb4 27. Na2 Rxb1+
28. Qxb1 Qa7 29. Nc1 Qa6 30. Qc2 g6 31. g3 Kg7 32. Kg2 h5 33. Nb3 Qb6 34. Qc3
Bb4 35. Qc2 Bd6 36. Qc3 Bb4 37. Qc2 Bd6 38. Qc3 Bb4 39. Qc2 1/2-1/2

[Event "World Blitz 2025"]
[Site "Doha QAT"]
[Date "2025.12.30"]
[Round "16.52"]
[White "Stefansson, Vignir Vatnar"]
[Black "Ansat, Aldiyar"]
[Result "1/2-1/2"]
[WhiteTitle "GM"]
[BlackTitle "IM"]
[WhiteElo "2519"]
[BlackElo "2479"]
[WhiteFideId "2308649"]
[BlackFideId "13715658"]
[EventDate "2025.12.29"]

1. d4 Nf6 2. Nf3 d5 3. c4 e6 4. g3 Bd6 5. Bg2 Nc6 6. O-O O-O 7. Nc3 dxc4 8. Bg5
h6 9. Bxf6 Qxf6 10. e4 e5 11. Nd5 Qd8 12. Rc1 exd4 13. Nxd4 Be5 14. Nxc6 bxc6
15. Nb4 Bxb2 16. Rxc4 Be6 17. Rxc6 Rb8 18. Qxd8 Rfxd8 19. Nd5 Bxd5 20. exd5 Be5
21. Rfc1 Rb2 22. R1c2 Rb1+ 23. Rc1 Rb2 24. R1c2 Rb1+ 25. Rc1 Rdb8 26. Be4 Rxc1+
27. Rxc1 Rb4 28. Bd3 Rd4 29. Bc4 Rd2 30. Re1 Bd6 31. Re2 Rd4 32. Bb3 a5 33. Rc2
Kf8 34. Kf1 Ke7 35. Ke2 Kf6 36. Rd2 Ke5 37. Rxd4 Kxd4 38. h3 Kc3 39. f4 Kd4 40.
Kf3 g6 41. g4 g5 42. fxg5 hxg5 43. a4 Kc3 44. Bd1 Kd4 45. Bb3 f6 46. Ke2 Kc3 47.
Bd1 Kc4 48. Ke3 Kxd5 49. Kd3 Ke5 50. Kc4 Kf4 51. Bc2 Bb4 52. Bf5 Kg3 53. Kb5 c5
54. Kc4 Kxh3 55. Kb3 Kg3 56. Kc4 Kf4 57. Bd7 Ke3 58. Bf5 Kd2 59. Bd7 Kc2 60. Be6
Kb2 61. Bd5 Ka3 62. Bc6 Kb2 1/2-1/2

[Event "World Blitz 2025"]
[Site "Doha QAT"]
[Date "2025.12.30"]
[Round "16.53"]
[White "Shimanov, Aleksandr"]
[Black "Grebnev, Aleksey"]
[Result "1-0"]
[WhiteTitle "GM"]
[BlackTitle "GM"]
[WhiteElo "2578"]
[BlackElo "2632"]
[WhiteFideId "4198603"]
[BlackFideId "34189030"]
[EventDate "2025.12.29"]

1. b3 d5 2. Bb2 c6 3. g3 Bf5 4. Bg2 e6 5. d3 Nf6 6. Nd2 h6 7. e4 Bh7 8. Qe2 Be7
9. h4 a5 10. a3 Na6 11. g4 Bg6 12. f4 dxe4 13. dxe4 Qc7 14. Nh3 O-O-O 15. O-O-O
h5 16. g5 Ng4 17. Nc4 f6 18. Bc3 b6 19. e5 Nc5 20. Nf2 Nxf2 21. Qxf2 fxg5 22.
fxg5 Rxd1+ 23. Rxd1 Rd8 24. Nd6+ Bxd6 25. exd6 Rxd6 26. Qf8+ Rd8 27. Rxd8+ Qxd8
28. Qxg7 Bxc2 29. Kxc2 Qd3+ 30. Kc1 Nxb3+ 31. Kb2 a4 32. Qf8+ Kb7 33. Qf7+ Kc8
34. Qxe6+ Kd8 35. Bf6+ Kc7 36. Qxc6+ 1-0

[Event "World Blitz 2025"]
[Site "Doha QAT"]
[Date "2025.12.30"]
[Round "16.54"]
[White "Zemlyanskii, Ivan"]
[Black "Zverev, Lev"]
[Result "0-1"]
[WhiteTitle "GM"]
[BlackTitle "IM"]
[WhiteElo "2592"]
[BlackElo "2453"]
[WhiteFideId "24249971"]
[BlackFideId "24250775"]
[EventDate "2025.12.29"]

1. d4 Nf6 2. c4 e6 3. Nc3 Bb4 4. e3 O-O 5. Bd3 d5 6. cxd5 exd5 7. Ne2 Bd6 8. Bd2
Re8 9. Rc1 c6 10. O-O Nbd7 11. f3 c5 12. Kh1 a6 13. a4 Bf8 14. Qe1 g6 15. Qf2
Bg7 16. Nf4 cxd4 17. exd4 Nf8 18. Nce2 Ne6 19. a5 Bd7 20. Nxe6 Rxe6 21. Nf4 Rc6
22. Rce1 Qc7 23. Re2 b6 24. axb6 Qxb6 25. Bc3 a5 26. Ra1 a4 27. Qe1 Rcc8 28. Re5
Bb5 29. Qd2 Bxd3 30. Nxd3 Bf8 31. Nc5 Qc6 32. Re2 Nd7 33. Nd3 a3 34. g3 Nb6 35.
Ne5 Qc7 36. Re3 f6 37. bxa3 fxe5 38. dxe5 Bxa3 39. e6 Bc5 40. Rxa8 Rxa8 41. Re1
Qe7 42. Qf4 Nc4 43. Rb1 Qxe6 44. Rb7 d4 45. Qc7 Qe7 46. Qc6 Qd6 47. Qb5 dxc3 48.
Qxc4+ Kh8 49. Qf7 Qd1+ 50. Kg2 Qg1+ 51. Kh3 Qf1+ 52. Kh4 Ra4+ 53. f4 Rxf4+ 54.
gxf4 Qf2+ 55. Kg5 Qg2+ 56. Kf6 Bd4+ 57. Ke6 Qc6+ 0-1

[Event "World Blitz 2025"]
[Site "Doha QAT"]
[Date "2025.12.30"]
[Round "16.55"]
[White "Muradli, Mahammad"]
[Black "Drygalov, Sergey"]
[Result "1-0"]
[WhiteTitle "GM"]
[BlackTitle "GM"]
[WhiteElo "2581"]
[BlackElo "2571"]
[WhiteFideId "13409301"]
[BlackFideId "24171743"]
[EventDate "2025.12.29"]

1. d4 Nf6 2. c4 e6 3. Nf3 d5 4. g3 Bb4+ 5. Bd2 Be7 6. Bg2 O-O 7. O-O c6 8. Bf4
Nbd7 9. Nbd2 a5 10. Qc2 h6 11. e4 g5 12. Be3 Ng4 13. Rae1 dxc4 14. Nxc4 b5 15.
Nce5 Ndxe5 16. Nxe5 Nxe5 17. dxe5 b4 18. f4 Ba6 19. Rf2 Qd3 20. Qc1 Qc4 21. Qa1
Bc5 22. b3 Bxe3 23. bxc4 Bxf2+ 24. Kxf2 Rad8 25. Qc1 Rd4 26. fxg5 Rxc4 27. Qf4
Rc2+ 28. Kg1 h5 29. Qf6 Bc4 30. g6 fxg6 31. Qxg6+ Kh8 32. Qxh5+ Kg7 33. Qg5+ Kh7
34. Rc1 Rxc1+ 35. Qxc1 Bxa2 36. Qxc6 b3 37. Qxe6 a4 38. Bh3 a3 39. Bf5+ Rxf5 40.
exf5 1-0

[Event "World Blitz 2025"]
[Site "Doha QAT"]
[Date "2025.12.30"]
[Round "16.56"]
[White "Uskov, Artem"]
[Black "Khubukshanov, Erdem"]
[Result "1-0"]
[WhiteTitle "GM"]
[BlackTitle "IM"]
[WhiteElo "2516"]
[BlackElo "2502"]
[WhiteFideId "34254854"]
[BlackFideId "54114527"]
[EventDate "2025.12.29"]

1. e4 e5 2. Nf3 Nc6 3. Bc4 Nf6 4. d3 Bc5 5. Bg5 h6 6. Bh4 Be7 7. Bg3 d6 8. a4
Be6 9. Nbd2 O-O 10. a5 a6 11. O-O Re8 12. c3 Bf8 13. Re1 Qd7 14. b4 Ne7 15. Bxe6
Qxe6 16. d4 Ng6 17. d5 Qd7 18. c4 h5 19. h3 Nh7 20. Rc1 b6 21. Ra1 Be7 22. Qa4
Qc8 23. Qc2 h4 24. Bh2 Nf6 25. c5 bxc5 26. bxc5 Nh5 27. Nc4 Ngf4 28. Rac1 Nxh3+
29. gxh3 Qxh3 30. Qd3 Nf4 31. Bxf4 exf4 32. Nfe5 Qc8 33. cxd6 cxd6 34. Nb6 Qb7
35. Nc6 Bf6 36. Qf3 Rac8 37. Nxc8 Rxc8 38. Qxf4 Re8 39. Rb1 Qc7 40. Qf5 Be5 41.
Rec1 g6 42. Qg4 Bf6 43. Kg2 Kg7 44. Kh3 Rh8 45. f3 Re8 46. Rb6 Ra8 47. Rcb1 Bc3
48. Rb7 Qc8 49. Qxc8 Rxc8 50. Rd7 1-0

[Event "World Blitz 2025"]
[Site "Doha QAT"]
[Date "2025.12.30"]
[Round "16.57"]
[White "Agmanov, Zhandos"]
[Black "Adhiban, Baskaran"]
[Result "1-0"]
[WhiteTitle "IM"]
[BlackTitle "GM"]
[WhiteElo "2471"]
[BlackElo "2557"]
[WhiteFideId "13708309"]
[BlackFideId "5018471"]
[EventDate "2025.12.29"]

1. e4 c6 2. Nf3 d5 3. d3 dxe4 4. dxe4 Qxd1+ 5. Kxd1 Nf6 6. Nbd2 g6 7. Ne1 Nbd7
8. a4 Ng4 9. Ke2 b6 10. Nd3 Ba6 11. f4 e5 12. Nf3 f5 13. Ke1 fxe4 14. Nfxe5
Ngxe5 15. Nxe5 Bxf1 16. Rxf1 Bg7 17. Nxd7 Kxd7 18. c3 Ke6 19. Be3 Rhd8 20. g4 h5
21. f5+ gxf5 22. gxf5+ Kf7 23. Ke2 Be5 24. Rg1 Rg8 25. h3 Kf6 26. Raf1 Rxg1 27.
Rxg1 b5 28. a5 a6 29. Rg6+ Kxf5 30. Rxc6 Rg8 31. Rxa6 Rg2+ 32. Kf1 Rxb2 33. Rc6
Rb1+ 34. Ke2 Rb2+ 35. Kd1 Ra2 36. a6 Bb8 37. Rc8 Be5 38. a7 Bxc3 39. a8=Q Rxa8
40. Rxa8 b4 41. Ra5+ Kg6 42. Rb5 h4 43. Kc2 Kf6 44. Bg5+ Ke6 45. Bxh4 e3 46. Kd3
Kd6 47. Kxe3 Kc6 48. Rb8 Kc5 49. Kd3 Be5 50. Be7+ Kd5 51. Rxb4 1-0

[Event "World Blitz 2025"]
[Site "Doha QAT"]
[Date "2025.12.30"]
[Round "16.58"]
[White "Xiao, Tong(QD)"]
[Black "Salinas Herrera, Pablo"]
[Result "0-1"]
[WhiteTitle "GM"]
[BlackTitle "GM"]
[WhiteElo "2555"]
[BlackElo "2473"]
[WhiteFideId "8622388"]
[BlackFideId "3407128"]
[EventDate "2025.12.29"]

1. b3 d5 2. Bb2 Bf5 3. Nf3 e6 4. g3 h6 5. Bg2 Nf6 6. O-O Be7 7. d3 O-O 8. Nbd2
Bh7 9. Re1 c6 10. e4 a5 11. a3 Nbd7 12. Qe2 Qb6 13. a4 Qa6 14. e5 Ne8 15. h4 b5
16. Nd4 Qb6 17. axb5 cxb5 18. c4 Nc7 19. cxd5 Nxd5 20. Kh2 Nc5 21. Ne4 Rfd8 22.
Rad1 a4 23. bxa4 Nxa4 24. Nb3 Nxb2 25. Qxb2 Ra4 26. d4 Rda8 27. Ra1 Bb4 28. Rec1
Ba3 29. Rxa3 Bxe4 30. Rxa4 bxa4 31. Bxe4 axb3 32. Rc5 g6 33. Bxd5 exd5 34. e6
Ra2 35. exf7+ Kxf7 36. Qc3 Rxf2+ 37. Kg1 Rf6 38. Rxd5 b2 39. Rd7+ Kg8 40. Qc4+
Qe6 41. Qc8+ Rf8 42. Qb7 Qe1+ 43. Kh2 Rf2+ 44. Kh3 Qe6+ 0-1

[Event "World Blitz 2025"]
[Site "Doha QAT"]
[Date "2025.12.30"]
[Round "16.59"]
[White "Puranik, Abhimanyu"]
[Black "Stribuk, Artiom"]
[Result "1-0"]
[WhiteTitle "GM"]
[BlackTitle "IM"]
[WhiteElo "2622"]
[BlackElo "2476"]
[WhiteFideId "5061245"]
[BlackFideId "13515659"]
[EventDate "2025.12.29"]

1. e4 c5 2. Nf3 d6 3. d4 cxd4 4. Nxd4 Nf6 5. Nc3 Nc6 6. Bg5 e6 7. Qd2 a6 8.
O-O-O Bd7 9. Kb1 Be7 10. Nxc6 Bxc6 11. f3 h6 12. Be3 d5 13. e5 Nd7 14. f4 Qa5
15. a3 O-O-O 16. Be2 Kb8 17. Bd4 g6 18. Qe3 h5 19. g3 Bc5 20. Rhf1 Ka8 21. Rf3
Rc8 22. Qf2 Qb6 23. Na2 Bb5 24. Rb3 Bxd4 25. Rxd4 Nc5 26. Rbb4 Ne4 27. Qe3 Qc5
28. Bxb5 Qxc2+ 29. Ka1 axb5 30. Rxb5 Rc6 31. Ra5+ Kb8 32. Rd3 Rhc8 33. Qa7+ Kc7
34. Nb4 Qc1+ 35. Ka2 Rc5 36. Na6+ Kd8 37. Nxc5 Nxc5 38. Rc3 Qe1 39. Raxc5 1-0

[Event "World Blitz 2025"]
[Site "Doha QAT"]
[Date "2025.12.30"]
[Round "16.60"]
[White "Gharibyan, Mamikon"]
[Black "Ivanchuk, Vasyl"]
[Result "0-1"]
[WhiteTitle "GM"]
[BlackTitle "GM"]
[WhiteElo "2491"]
[BlackElo "2607"]
[WhiteFideId "13308300"]
[BlackFideId "14100010"]
[EventDate "2025.12.29"]

1. d4 f5 2. c4 Nf6 3. Nc3 e6 4. a3 g6 5. h4 Bg7 6. h5 Nxh5 7. e4 O-O 8. Be2 Qe8
9. Bxh5 gxh5 10. Rxh5 Nc6 11. d5 exd5 12. Nxd5 Qxe4+ 13. Ne2 Nd4 14. f3 Nc2+ 15.
Kf2 Qxc4 16. Rb1 Nd4 17. Ne7+ Kf7 18. Nxf5 Nxe2 19. Rxh7 Qc5+ 20. Be3 Qxf5 21.
Rxg7+ Kxg7 22. Kxe2 d6 23. Qd4+ Qe5 24. Qh4 Bf5 25. Rc1 c5 26. Kf2 Rae8 27. Bg5
Qd4+ 28. Qxd4+ cxd4 29. Bf4 d3 30. Bxd6 Rf7 31. Bb4 Re2+ 32. Kg3 d2 33. Rd1 Rd7
34. Bc3+ Kf7 35. Kf4 Bc2 0-1

[Event "World Blitz 2025"]
[Site "Doha QAT"]
[Date "2025.12.30"]
[Round "16.61"]
[White "Harikrishna, Pentala"]
[Black "Lodici, Lorenzo"]
[Result "1-0"]
[WhiteTitle "GM"]
[BlackTitle "GM"]
[WhiteElo "2693"]
[BlackElo "2590"]
[WhiteFideId "5007003"]
[BlackFideId "884189"]
[EventDate "2025.12.29"]

1. e4 e6 2. d3 c5 3. Nf3 d5 4. Qe2 Nf6 5. g3 Nc6 6. Bg2 g6 7. O-O Bg7 8. c3 b5
9. Be3 Qe7 10. Nbd2 O-O 11. e5 Nd7 12. d4 b4 13. Bg5 Qe8 14. h4 a5 15. Qe3 a4
16. a3 Ba6 17. Rfc1 bxc3 18. bxc3 Rb8 19. Bh6 Na5 20. Rab1 Qe7 21. Bg5 Qe8 22.
Nh2 Nb3 23. Nxb3 axb3 24. Ng4 f5 25. exf6 Nxf6 26. Nxf6+ Bxf6 27. dxc5 Bc4 28.
Re1 Bg7 29. Bh6 Bxh6 30. Qxh6 Qf7 31. Qe3 e5 32. Rb2 Rbe8 33. Rd1 e4 34. Bf1 Qe6
35. Be2 Ra8 36. Rd4 Rxa3 37. Bxc4 dxc4 38. Rxe4 Qd5 39. Rb1 b2 40. Rd4 Qa8 41.
Qe6+ Kh8 42. Qe5+ Kg8 43. Rd7 Qe8 44. Qg7# 1-0

[Event "World Blitz 2025"]
[Site "Doha QAT"]
[Date "2025.12.30"]
[Round "16.62"]
[White "Le, Tuan Minh"]
[Black "Alexakis, Dimitris"]
[Result "1-0"]
[WhiteTitle "GM"]
[BlackTitle "GM"]
[WhiteElo "2598"]
[BlackElo "2544"]
[WhiteFideId "12401153"]
[BlackFideId "4277023"]
[EventDate "2025.12.29"]

1. d4 Nf6 2. Nf3 c5 3. c3 d5 4. Bf4 Nc6 5. e3 Nh5 6. Be5 f6 7. Bg3 Nxg3 8. hxg3
g6 9. Nbd2 cxd4 10. exd4 Bg7 11. c4 e6 12. Be2 O-O 13. O-O f5 14. Nb3 a5 15. a4
Kh8 16. Re1 f4 17. g4 e5 18. Nxe5 Nxe5 19. dxe5 Bxe5 20. cxd5 Bxb2 21. Rb1 Bc3
22. Rf1 Bd7 23. Nc5 Bc8 24. Bf3 Bb4 25. Ne4 Ra6 26. Qd4+ Kg8 27. d6 Be6 28. Rfd1
Rc6 29. Rbc1 Qd7 30. Rxc6 bxc6 31. Nf6+ Rxf6 32. Qxf6 Bxg4 33. Bxg4 Qxg4 34.
Qd8+ Kg7 35. Qe7+ Kh6 36. Rd3 f3 37. Rxf3 g5 38. Qf6+ 1-0

[Event "World Blitz 2025"]
[Site "Doha QAT"]
[Date "2025.12.30"]
[Round "16.63"]
[White "Mitrabha, Guha"]
[Black "Kosakowski, Jakub"]
[Result "1/2-1/2"]
[WhiteTitle "GM"]
[BlackTitle "GM"]
[WhiteElo "2508"]
[BlackElo "2549"]
[WhiteFideId "5057000"]
[BlackFideId "1185080"]
[EventDate "2025.12.29"]

1. Nf3 d5 2. c4 e6 3. g3 Nf6 4. Bg2 Be7 5. O-O O-O 6. d3 Nc6 7. a3 a5 8. Nc3 d4
9. Nb5 Bc5 10. Bf4 Ne8 11. b4 axb4 12. axb4 Rxa1 13. Qxa1 Nxb4 14. Nbxd4 f6 15.
Nb3 Be7 16. d4 Bd6 17. Bd2 Nc6 18. e4 b6 19. Bc3 Bb7 20. Rd1 e5 21. dxe5 fxe5
22. Nxe5 Nxe5 23. Bxe5 Qe7 24. Bxd6 Nxd6 25. Qd4 Qf7 26. Nd2 Qe6 27. c5 Nf7 28.
cxb6 Rd8 29. Qe3 Qxb6 30. Qxb6 cxb6 31. f3 Ne5 32. Kf2 b5 33. Ke2 b4 34. Rb1
Ba6+ 35. Ke1 Nd3+ 36. Kd1 Nf2+ 37. Ke1 Nd3+ 38. Kd1 Nf2+ 39. Ke1 Nd3+ 40. Kd1 1/2-1/2

[Event "World Blitz 2025"]
[Site "Doha QAT"]
[Date "2025.12.30"]
[Round "16.64"]
[White "Amin, Bassem"]
[Black "Hong, Andrew"]
[Result "0-1"]
[WhiteTitle "GM"]
[BlackTitle "GM"]
[WhiteElo "2626"]
[BlackElo "2568"]
[WhiteFideId "10601457"]
[BlackFideId "2099438"]
[EventDate "2025.12.29"]

1. Nf3 d5 2. g3 Nf6 3. Bg2 e6 4. O-O Be7 5. d3 O-O 6. Nbd2 c5 7. e4 Nc6 8. Re1
Qc7 9. Nf1 dxe4 10. dxe4 Rd8 11. Qe2 e5 12. c3 h6 13. Nh4 Be6 14. Nf5 Bf8 15.
Qf3 Nh7 16. N1e3 Ne7 17. Nxe7+ Qxe7 18. Nd5 Qd7 19. h4 c4 20. Qe2 b5 21. a4 Bxd5
22. exd5 a6 23. axb5 Qxb5 24. d6 Rab8 25. Bf1 Rbc8 26. Qxe5 Bxd6 27. Qxb5 axb5
28. Bg2 Bc5 29. Bf4 g5 30. hxg5 hxg5 31. Be3 Bxe3 32. Rxe3 Rd2 33. Ra7 Rd1+ 34.
Bf1 Rc5 35. Rf3 f5 36. Re3 Nf8 37. Re8 Rc6 38. Kg2 Rd5 39. Kh2 Rh6+ 40. Kg2 Re6
41. Rxe6 Nxe6 42. Rb7 Kf8 43. Kg1 Nd8 44. Rb6 Ke7 45. Bg2 Rd1+ 46. Kh2 Rd2 47.
Rxb5 Rxf2 48. Kg1 Rd2 49. Rxf5 Rxb2 50. Rxg5 Rc2 51. Re5+ Kf6 52. Re3 Nf7 53.
Bd5 Ne5 54. Be4 Rd2 55. Kf1 Ng4 56. Re2 Rd1+ 57. Kg2 Rc1 58. Kh3 Kg5 59. Bf3 Nh6
60. Re5+ Kf6 61. Rc5 Rxc3 62. Rc6+ Kg5 63. Rc5+ Kf6 64. Rc6+ Ke5 65. Be2 Nf5 66.
Rxc4 Rxg3+ 67. Kh2 Ra3 68. Kg1 Nd4 69. Bh5 Rh3 70. Rc5+ Kf4 71. Kg2 Ra3 72. Rc8
Ra2+ 73. Kh3 Ne6 74. Bg4 0-1

[Event "World Blitz 2025"]
[Site "Doha QAT"]
[Date "2025.12.30"]
[Round "16.65"]
[White "Vokhidov, Shamsiddin"]
[Black "Ganguly, Surya Shekhar"]
[Result "1-0"]
[WhiteTitle "GM"]
[BlackTitle "GM"]
[WhiteElo "2641"]
[BlackElo "2568"]
[WhiteFideId "14204223"]
[BlackFideId "5002150"]
[EventDate "2025.12.29"]

1. e4 e5 2. Nf3 Nc6 3. Bb5 a6 4. Ba4 Nf6 5. O-O d6 6. Bxc6+ bxc6 7. d4 exd4 8.
Nxd4 c5 9. Nc6 Qd7 10. Na5 Qa4 11. Qe1 Be7 12. c4 O-O 13. b3 Qd7 14. Nc3 c6 15.
Na4 Bd8 16. f3 Re8 17. Bb2 Rb8 18. Rd1 Rb4 19. Nxc5 Qc7 20. Nxa6 Qa7+ 21. Bd4
Qxa6 22. Nxc6 Rxc4 23. Nxd8 Rxd4 24. Rxd4 Rxd8 25. Qd2 Qa7 26. Rd1 Ne8 27. Kh1
Qe7 28. a4 h5 29. b4 h4 30. h3 Bb7 31. b5 d5 32. exd5 Nd6 33. Qe1 Qf6 34. Qxh4
g5 35. Rg4 1-0

[Event "World Blitz 2025"]
[Site "Doha QAT"]
[Date "2025.12.30"]
[Round "16.66"]
[White "Kozak, Adam"]
[Black "Kevlishvili, Robby"]
[Result "1-0"]
[WhiteTitle "GM"]
[BlackTitle "GM"]
[WhiteElo "2546"]
[BlackElo "2527"]
[WhiteFideId "753246"]
[BlackFideId "1040634"]
[EventDate "2025.12.29"]

1. Nf3 d5 2. b3 Bf5 3. Bb2 e6 4. g3 Nf6 5. Bg2 h6 6. d3 Be7 7. Nbd2 O-O 8. O-O
Bh7 9. Re1 c5 10. e4 Nc6 11. exd5 Nxd5 12. Ne5 Nxe5 13. Bxe5 Bf6 14. Nc4 b5 15.
Bxf6 Qxf6 16. Ne5 Rad8 17. a3 a6 18. Qd2 Rd6 19. Qa5 Qd8 20. Qd2 Qc7 21. h4 Rfd8
22. Rac1 Nf6 23. Qc3 Nd5 24. Qb2 Ne7 25. b4 f6 26. Ng4 Qb6 27. Ne3 Nf5 28. c4
Nxe3 29. Rxe3 Rxd3 30. Rxd3 Bxd3 31. cxb5 c4 32. bxa6 Qxa6 33. b5 Qb6 34. a4 e5
35. Qb4 e4 36. a5 Qd4 37. Qc3 Qc5 38. b6 e3 39. fxe3 Qxe3+ 40. Kh2 f5 41. Qe1
Qd4 42. b7 f4 43. a6 c3 44. Rxc3 fxg3+ 45. Qxg3 Qxc3 46. b8=Q Rxb8 47. Qxb8+ Kh7
48. a7 Qd4 1-0

[Event "World Blitz 2025"]
[Site "Doha QAT"]
[Date "2025.12.30"]
[Round "16.67"]
[White "Meng, Yihan"]
[Black "Vakhidov, Jakhongir"]
[Result "0-1"]
[WhiteTitle "IM"]
[BlackTitle "GM"]
[WhiteElo "2456"]
[BlackElo "2516"]
[WhiteFideId "8631891"]
[BlackFideId "14201801"]
[EventDate "2025.12.29"]

1. e4 c5 2. Nf3 g6 3. d4 cxd4 4. Nxd4 Bg7 5. c4 Qb6 6. Nb3 Qc7 7. Be2 d6 8. O-O
Nc6 9. h3 Be6 10. f4 Rc8 11. Kh2 a6 12. Qe1 Nf6 13. Nc3 Nb4 14. Qd1 Bxc4 15. Be3
Bxe2 16. Qxe2 Qc4 17. Qxc4 Rxc4 18. Na5 Rc8 19. Rad1 b5 20. e5 dxe5 21. fxe5 Nd7
22. e6 fxe6 23. a3 Nc2 24. Bd2 Nxa3 25. Ne4 Nc4 26. Nxc4 Rxc4 27. Ng5 Rc6 28.
Bc3 Bf6 29. Ne4 e5 30. Rd5 Nb6 31. Rd3 O-O 32. Rdf3 Nd5 33. Nxf6+ Rcxf6 34. Bxe5
Rxf3 35. gxf3 Ne3 36. Rf2 a5 37. f4 b4 38. b3 Rd8 39. Ra2 Rd5 40. Bc7 Rd3 41.
Rb2 Nd1 42. Rb1 Nc3 43. Rb2 Nd1 44. Rb1 Rd2+ 45. Kg3 Nc3 46. Re1 Rd3+ 47. Kg4
Nd5 48. Bxa5 Rxb3 49. Rd1 Ne3+ 0-1

[Event "World Blitz 2025"]
[Site "Doha QAT"]
[Date "2025.12.30"]
[Round "16.68"]
[White "Orozbaev, Eldiyar"]
[Black "Ponkratov, Pavel"]
[Result "0-1"]
[WhiteTitle "IM"]
[BlackTitle "GM"]
[WhiteElo "2348"]
[BlackElo "2587"]
[WhiteFideId "13802240"]
[BlackFideId "4157800"]
[EventDate "2025.12.29"]

1. e4 e6 2. d4 d5 3. Nc3 Bb4 4. Ne2 dxe4 5. a3 Be7 6. Nxe4 Nf6 7. Nxf6+ Bxf6 8.
Be3 b5 9. Qd2 Bb7 10. O-O-O Nd7 11. Rg1 Nb6 12. Nc3 Nc4 13. Bxc4 bxc4 14. g4 Bf3
15. Rde1 O-O 16. g5 Be7 17. Rg3 Bd5 18. Nxd5 Qxd5 19. Bf4 c5 20. dxc5 Bxc5 21.
Qxd5 exd5 22. Rd1 Rad8 23. c3 Bxf2 24. Rg2 Bb6 25. Rgd2 d4 26. cxd4 Rd5 27. Rc2
Rc8 28. Be5 Kf8 29. b3 c3 30. Rd3 Bd8 31. h4 f6 32. gxf6 gxf6 33. Rf2 Kf7 34.
Kc2 Ke6 35. Bg3 Ra5 36. a4 0-1

[Event "World Blitz 2025"]
[Site "Doha QAT"]
[Date "2025.12.30"]
[Round "16.85"]
[White "Peyrer, Konstantin"]
[Black "Gaehwiler, Gabriel"]
[Result "0-1"]
[WhiteTitle "IM"]
[BlackTitle "IM"]
[WhiteElo "2496"]
[BlackElo "2382"]
[WhiteFideId "1640879"]
[BlackFideId "1314530"]
[EventDate "2025.12.29"]

1. Nf3 Nf6 2. c4 g6 3. g3 b6 4. Bg2 Bb7 5. O-O Bg7 6. Nc3 O-O 7. Re1 d5 8. Ne5
Nbd7 9. d4 e6 10. Bf4 c5 11. dxc5 Nxc5 12. Rc1 Qe7 13. b4 Nce4 14. Nxe4 Nxe4 15.
cxd5 Bxd5 16. Nc6 Bxc6 17. Rxc6 Qxb4 18. Qb1 Qxb1 19. Rxb1 Nc3 20. Rb2 Rac8 21.
Rc2 Rxc6 22. Bxc6 Rc8 23. Bb7 Rd8 24. Kg2 h5 25. h4 Nd5 26. Bd2 Rd7 27. Bxd5
exd5 28. Rc8+ Kh7 29. Kf3 Be5 30. Re8 Bf6 31. Rb8 Kg7 32. Bf4 Re7 33. Bd6 Rd7
34. Bf4 Re7 35. a4 Rd7 36. Ke3 d4+ 37. Kd3 Re7 38. Bd6 Rd7 39. Bf8+ Kh7 40. Rc8
Rb7 41. Rc6 Be5 42. Bb4 Rd7 43. f4 Bg7 44. Bd6 Rb7 45. Rc8 a6 46. Ra8 b5 47.
Rxa6 bxa4 48. Rxa4 Rb3+ 49. Kc4 Rxg3 50. Ra7 Kg8 51. Ra8+ Kh7 52. Ra7 Rc3+ 53.
Kd5 Kg8 54. Ra8+ Kh7 55. Ra7 d3 56. Rxf7 d2 57. Be5 d1=Q+ 58. Ke6 Rc6+ 59. Ke7
Qd5 60. Rxg7+ Kh6 61. Rf7 Re6+ 62. Kf8 Qd8# 0-1